01407 2200529 4500001002100000005001500021035002500036008004100061020002200102040001700124082001600141084001800157100002200175245009600197250001100293260003200304300003100336650003000367700001900397850001200416007000300428090002200431090002100453999002100474990002100495990001700516990001700533990001700550990001700567990001700584990001700601990001700618990001700635990001700652990001700669990002100686990001700707990001700724990001700741990001700758990001700775990001700792990001700809990001700826990001700843990001700860INLIS00000000001607820200611103522 a0010-011600000000169160111s2015 yoi g j ind d a978-979-29-4202-6 aYOPDYOGbind04222a808.301 a808.301 ERN b0 aErnita Diet Jeria 0aBoca :bpetualangan mencari sahabat sejati /cErnita Diet Jeria; penyunting, Risa Ambarizky aCet. 13 aYogyakarta :bSheila,c2015 aviii, 234 halaman ;c19 cm 4aCerita pendek--xKumpulan0 aRisa Ambarizky aYOPDYOGta aDEP 808.301 ERN b aCB-D.11 2015-570 aCB-D.11/2015-570 aCB-D.11/2015-570 a4349-KS/B.16 a4350-KS/B.16 a4351-KS/B.16 a4352-KS/B.16 a4353-KS/B.16 a4354-KS/B.16 a4355-KS/B.16 a4356-KS/B.16 a4357-KS/B.16 a4358-KS/B.16 aCB-D.11/2015-570 a4349-KS/B.16 a4350-KS/B.16 a4351-KS/B.16 a4352-KS/B.16 a4353-KS/B.16 a4354-KS/B.16 a4355-KS/B.16 a4356-KS/B.16 a4357-KS/B.16 a4358-KS/B.16